Význam inovácií v MSP a rodinných podnikoch

Úloha a význam inovácie a inovačného procesu v malých a stredných podnikoch - v rodinných podnikoch. Špecifiká rodinného podniku. Inovačná aktivita krajín EÚ. Ziskovosť a rast rodinných podnikov.

Guardado en:
Detalles Bibliográficos
Autor principal: Trúchliková, Mária, 1991-
Formato: Capítulo de libro
Lenguaje:eslovaco
Materias:
Etiquetas: Agregar Etiqueta
Sin Etiquetas, Sea el primero en etiquetar este registro!

MARC

LEADER 00000naa$a2200000$$$4500
001 0272790
005 20240502074312.7
041 0 |a slo 
044 |a SK 
245 1 0 |a Význam inovácií v MSP a rodinných podnikoch  |c Mária Trúchliková 
520 |a Úloha a význam inovácie a inovačného procesu v malých a stredných podnikoch - v rodinných podnikoch. Špecifiká rodinného podniku. Inovačná aktivita krajín EÚ. Ziskovosť a rast rodinných podnikov. 
610 2 0 |a inovácia 
610 2 0 |a podnik rodinný 
610 2 0 |a podnik malý 
610 2 0 |a podnik stredný 
100 1 |a Trúchliková, Mária, 1991-